| 000 | 00924nam a2200229 i 4500 | ||
|---|---|---|---|
| 001 | 143202 | ||
| 003 | ES-MaACL | ||
| 005 | 20250818063100.0 | ||
| 007 | t| | ||
| 008 | 070214s1982 sp r ||||1| spa d | ||
| 080 | _a73 Serrano, Pablo:061.43(465.21Z.)"1982" | ||
| 100 | 1 |
_aSerrano, Pablo, _d1908-1985 _9237823 |
|
| 245 | 1 | 3 |
_aEl hombre y el pan _b: [exposición] : 19 enero-16 febrero 1982 : Centro de Exposiciones y Congresos / _cPablo Serrano. |
| 260 |
_aZaragoza : _bCaja de Ahorros y Monte de Piedad de Zaragoza, Aragón y La Rioja, _c1982 ( _fTipo-Línea) |
||
| 300 |
_a15 h., lám. : _bil. ; _c30 cm. |
||
| 600 | 1 | 4 |
_aSerrano, Pablo, _d1908-1985- _vExposiciones _9105711 |
| 655 | 7 |
_2tgfbne _9193628 _aCatálogos de exposiciones |
|
| 710 | 2 |
_aCaja de Ahorros y Monte de Piedad de Zaragoza, Aragón y Rioja. _92326 |
|
| 852 |
_aES-MaACL _j2124-F-17 _bR.102381 |
||
| 942 | _2udc | ||
| 999 |
_c143202 _d143202 |
||